header

Adriaan Koerbagh (Record no. 121736)

MARC details
000 -LEADER
fixed length control field 02190nam a2200457Ia 4500
082 04 - DEWEY DECIMAL CLASSIFICATION NUMBER
Classification number 230
100 1# - MAIN ENTRY--AUTHOR NAME
Personal name Koerbagh, Adriaan,
245 10 - TITLE STATEMENT
Title Adriaan Koerbagh
260 ## - PUBLICATION, DISTRIBUTION, ETC. (IMPRINT)
Place of publication Boston ;
-- Leiden :
Name of publisher Brill,
Year of publication 2011.
300 ## - PHYSICAL DESCRIPTION
Number of Pages x, 508 p.
490 1# - SERIES STATEMENT
Series statement Brill's studies in intellectual history,
Series statement Brill's texts and sources in intellectual history ;
500 ## - GENERAL NOTE
General note Originally published in Amsterdam, 1668.
650 #0 - SUBJECT ADDED ENTRY--TOPICAL TERM
Topical Term Theology, Doctrinal
Topical Term Religious thought
Topical Term Philosophy
Topical Term Socinianism
700 1# - ADDED ENTRY--PERSONAL NAME
Personal name Wielema, M. R.,
856 40 - ELECTRONIC LOCATION AND ACCESS
Uniform Resource Identifier http://site.ebrary.com/lib/rucke/Doc?id=10515918

No items available.

© 2026 Rongo University
Contact us: librarian | system librarian | Rongo university